Cartes de Clash Royale - Statistiques

Statistiques générales
  • Ce quiz a été pris 237 fois
    218 depuis la dernière actualisation
  • Le résultat moyen est 42 sur 96
Statistiques - réponses
Arènes Raretés Cartes % Correct
Rare Sorcier
86%
Rare Géant
84%
Arène 0, Tutoriel Commune Archers
79%
Arène 1, Gobelinarium Commune Gobelins
79%
Epique Prince
79%
Rare Boule de feu
76%
Epique Sorcière
76%
Commune Chevalier
74%
Commune Squelettes
74%
Rare Mini P.E.K.K.A.
73%
Epique P.E.K.K.A.
73%
Arène 3, Arène de barbares Commune Barbares
69%
Légendaire Sorcier de glace
69%
Epique Armée de Squelettes
67%
Commune Flèches
67%
Rare Tour de l'enfer
64%
Epique Bébé dragon
62%
Arène 8, Sommet glacé Commune Esprit de glace
59%
Epique Golem
59%
Commune Gobelins à lances
58%
Légendaire Méga chevalier
58%
Rare Valkyrie
58%
Rare Chevaucheur de cochon
57%
Commune Gargouilles
57%
Rare Mousquetaire
57%
Légendaire Princesse
57%
Légendaire Électro-Sorcier
56%
Epique Fût à gobelins
56%
Arène 7, Arène royale Commune Géant royal
56%
Légendaire Mineur
56%
Légendaire Zappy
56%
Epique Foudre
55%
Légendaire Dragon de l'enfer
54%
Epique Prince ténébreux
54%
Légendaire Bûcheron
52%
Commune Canon
52%
Arène 4, Parc P.E.K.K.Aland Commune Electrocution
52%
Epique Gel
49%
Arène 11, Vallée Electrique Commune Tesla
49%
Arène 10, Mont des cochons Commune Barbares d'élite
48%
Epique Rage
47%
Légendaire Cimetière
45%
Epique Ballon
44%
Commune Esprits de feu
44%
Commune Horde de gargouilles
44%
Légendaire Molosse de lave
44%
Légendaire Sorcière de la nuit
44%
Rare Golem de glace
42%
Légendaire La bûche
42%
Rare Cabane de gobelin
41%
Rare Pierre tombale
41%
Rare Roquette
41%
Epique Fût à barbare
40%
Rare Cabane de barbare
39%
Epique Arc-X
36%
Arène 2, Fosse aux os Commune Bombardier
36%
Commune Mortier
36%
Légendaire Voleuse
36%
Rare Fournaise
35%
Epique Poison
34%
Arène 6, Atelier d'ouvrier Commune Fût à squelettes
33%
Arène 9, Arène sauvage Commune Gang de gobelins
33%
Epique Squelette Géant
33%
Rare Tour à bombes
33%
Légendaire Archer magique
32%
Epique Électro-dragon
32%
Epique Miroir
31%
Légendaire Cavabélier
30%
Rare Séisme
30%
Arène 5, Vallée des sorts Commune Chauve-souris
29%
Rare Gobelin à sarbacane
29%
Rare Méga gargouille
28%
Epique Bouliste
27%
Epique Clonage
27%
Rare Trois mousquetaires
26%
Rare Artificière
24%
Rare Cochons royaux
24%
Epique Gardes
24%
Epique Gobelin géant
24%
Epique Sapeurs
23%
Arène 12, Ville Sinistre Rare Cage gobeline
21%
Epique Chasseur
21%
Légendaire Pêcheur
21%
Epique Tornade
21%
Epique Bourreau
20%
Rare Bélier de combat
19%
Légendaire Fantôme Royal
19%
Rare Golem d'élixir
19%
Commune Recrues royales
19%
Epique Charrette à canon
16%
Rare Electrocuteurs
16%
Rare Extracteur d'élixir
16%
Commune Fripons
16%
Rare Machine volante
16%
Rare Guérison
14%
Commune Méga boule de neige
8%
Aucun quiz correspondant
Distribution des résultats
% des personnes avec chaque résultat
Percentile par nombre de réponses
Votre historique - résultats
Vous n’avez pas pris ce quiz depuis la dernière actualisation